Ιστορική αναδρομή της έννοιας και μορφής της συμμετοχής των εργαζομένων στη διαδικασία λήψης αποφάσεων και στα κέρδη της επιχείρησης

Αποθηκεύτηκε σε:
Λεπτομέρειες βιβλιογραφικής εγγραφής
Κύριος συγγραφέας: Καραθανάσης, Χαράλαμπος
Άλλοι συγγραφείς: Λευκάκη, Μαρίνα
Μορφή: Βιβλίο
Γλώσσα:Greek
Δημοσίευση: 1993
Θέματα:
Ετικέτες: Προσθήκη ετικέτας
Δεν υπάρχουν, Καταχωρήστε ετικέτα πρώτοι!

MARC

LEADER 00000cam a2200000 i 4500
001 1/45575
008 960229s1993 gre d
035 |l 10026168 
040 |a GR-MY-UA  |b gre  |e aacr 
041 0 |a gre 
082 0 |a 658.3152  |2 (22) 
100 1 |a Καραθανάσης, Χαράλαμπος. 
245 1 0 |a Ιστορική αναδρομή της έννοιας και μορφής της συμμετοχής των εργαζομένων στη διαδικασία λήψης αποφάσεων και στα κέρδη της επιχείρησης /  |c Χαράλαμπος Καραθανάσης, Μαρίνα Λευκάκη ; Επιβλέπων καθηγητής: Λ.Μαρούδας 
260 |c 1993 
300 |a 32 σ. 
500 |a Εργασία στα πλαίσια του μαθήματος: "Διοίκηση προσωπικού" 
650 0 0 |a Management  |x Employee participation. 
650 0 0 |a Decision making. 
700 1 |a Λευκάκη, Μαρίνα. 
700 1 |a Μαρούδας, Λεωνίδας Ε.  |e dgs 
852 |a INST  |b CHIOS  |c PERG  |e 19960229  |h 658.3152 ΚΑΡ  |p 005200023401  |q 005200023401  |t PERG  |y 23 
901 |a BIBL2-2000-1 
909 |a Χ  |b 042649 
924 |a Καραθανάσης  |b Χαράλαμπος  |y Χίος  |z 2000-02 
924 |a Λευκάκη  |b Μαρίνα  |y Χίος  |z 2000-02 
970 |a Πουλάκη  |b Στέλλα  |z 2000/03/03